| 000 | 01129nam a2200253Ia 4500 | ||
|---|---|---|---|
| 003 | OSt | ||
| 005 | 20220923211204.0 | ||
| 006 | a|||||r|||| 00| 0 | ||
| 007 | ta | ||
| 008 | 220922b |||||||| |||| 00| 0 hin d | ||
| 020 |
_a8190292943 (hbk) _c675 |
||
| 024 | _a239,171 | ||
| 037 |
_b452, 21/03/2009, Vani Prakashan _cTextual |
||
| 040 |
_aARTS _cARTS _bhin |
||
| 041 |
_2hin _ahin |
||
| 082 | _aO152,1N7:g, P8 | ||
| 100 |
_aपाण्डेय, ज्योति _9159336 |
||
| 245 | 0 | _aछायावादोत्तर प्रबन्ध - काव्यों में ऐतिहासिक सांस्कृतिक एंव दार्शनिक तत्वों का अनुशीलन | |
| 246 | _aChhāyāvādottar prabandha - kāvyoan mean aitihāsik sāanskṛutik eanva dārshanik tatvoan kā anushīlana | ||
| 260 |
_aदिल्ली _b शक्ति बुक हाऊस _c2008 |
||
| 300 |
_a314पृ. _ccm. |
||
| 942 |
_hO152,1N7:g, P8 _cTEXL _2CC |
||
| 999 |
_c296561 _d296561 |
||